00293nam a2200121Ia 4500008004100000041000900041082001900050100001900069245002000088260004600108300000900154650000800163230718s9999 xx 000 0 und d aEng. a348.519bKHO-C aKhokhar, Akram 0aCivil Law cases aPakistanbSupreme Court of Pakistanc2016 a1276 aLaw